000 00567nam a2200193Ia 4500
008 200815s9999||||xx |||||||||||||| ||und||
020 _a1570628122
020 _a9781570628122
041 _aeng
050 _aBF575.L8
_b.R53 2002
100 _aRicho, David
245 0 _aHow to be an adult in relationships:
_bthe five keys to mindful loving /
_cDavid Richo
260 _aBoston :
_bShambhala,
_c2002
300 _axiv, 265 p.
_b;
_c23 cm.
650 _aInterpersonal relations.
650 _aLove Religious aspects Buddhism.
650 _aLove.
999 _c11962
_d11962